Normal view
MARC view
- Reilly, William Edward Moyses
Entry Personal Name
001 - CONTROL NUMBER
- control field: 49320
003 - CONTROL NUMBER IDENTIFIER
- control field: NUST
005 - DATE AND TIME OF LATEST TRANSACTION
- control field: 20210314134312.0
008 - FIXED-LENGTH DATA ELEMENTS
- fixed length control field: 210314|| aca||aabn | a|a d
040 ## - CATALOGING SOURCE
- Original cataloging agency: NUST
- Transcribing agency: NUST
100 ## - HEADING--PERSONAL NAME
- Personal name: Reilly, William Edward Moyses
670 ## - SOURCE DATA FOUND
- Source citation: Work cat.: (NUST): Great Britain. 39715, Siege of Sebastopol., 1859.
